00739nam a2200205 i 450000100060000000300090000600500170001500700030003200800410003510000360007624501150011225000150022726000440024230000220028649000240030883000320033285200320036499900170039695201200041327045ES-MaACL20230906153541.0t|030113s1944 ag ||||1| spa d1 aArrieta, Rafael Alberto.92330310aCenturia Porteña b: Buenos Aires según los viajeros extranjeros del siglo XIX / cRafael Alberto Arrieta. a[1ª ed.]. aBuenos Aires : bEspasa-Calpe, c[1944] a149 p. ; c18 cm.1 aColección austral0 aColección austral9177655 aES-MaACLjB-10490 bR.22176 c27045d27045 00104070aATENEOMbATENEOMcSPBd2008-01-17eSCl0oB-10490p1027914r2023-02-23 00:00:00w2023-02-23yMONOGRAFIA